Esthétique: musique, peinture, poesie, science
Wedi'i Gadw mewn:
| Prif Awdur: | |
|---|---|
| Fformat: | Llyfr |
| Iaith: | Ffrangeg |
| Cyhoeddwyd: |
París
Payot
1953
|
| Cyfres: | Bibliothéque Scientifique
|
| Pynciau: | |
| Tagiau: |
Ychwanegu Tag
Dim Tagiau, Byddwch y cyntaf i dagio'r cofnod hwn!
|
MARC
| LEADER | 00000nam a2200000 a 4500 | ||
|---|---|---|---|
| 001 | UCZ1669 | ||
| 003 | CL-VaPUC | ||
| 008 | 950831e19530000FR |||||||||||||||||fre|d | ||
| 082 | 0 | 4 | |a 701.17 |b SER |2 21 |
| 100 | 0 | |a Servien, Pius |e author |9 345307 | |
| 245 | 1 | 0 | |a Esthétique: musique, peinture, poesie, science |
| 300 | |a 219 p | ||
| 942 | |c BK | ||
| 945 | |d 19950831 00:00:00 |a rbrito | ||
| 260 | |a París |b Payot |c 1953 | ||
| 650 | 0 | |a Estética |9 264950 | |
| 650 | 0 | |a Arte |9 265238 | |
| 650 | 0 | |a Música |9 306269 | |
| 650 | 0 | |a Pintura |9 265046 | |
| 650 | 0 | |a Poesía |9 265825 | |
| 650 | 0 | |a Ciencia |9 255691 | |
| 583 | |a last modification |c 19950831 00:00:00 |k Rodrigo Vera | ||
| 490 | 0 | |a Bibliothéque Scientifique | |
| 999 | |c 238385 |d 238383 | ||
| 952 | |0 0 |1 0 |4 0 |6 701_170000000000000_SER_1953 |7 0 |8 A |9 248552 |a BIBART |b BIBART |d 2019-11-18 |i 3127532 |o 701.17 SER 1953 |p 3127532 |r 2025-03-13 |w 2019-11-18 |y BK |k ART | ||